How I Met Your Mother Trivia - Statistics

General Stats
  • This quiz has been taken 73 times
  • The average score is 17 of 28
Answer Stats
Hint Answer % Correct
Have you met ____? Ted
98%
What fruit is on Teds nightstand after a drunken night? Pineapple
92%
Whats the name of Robins popstar alias? Robin Sparkles
87%
And what was her first hit song? Lets go to the Mall
83%
Teds last name? Mosby
83%
How often does the Naked Mans strategy work? 2/3
82%
What country is Robin from? Canada
77%
What is the mothers name? Tracy
77%
What is engraved on the yellow umbrella? TM
72%
What is Lilys last name? Aldrin
70%
In what city does the show take place? New York City
70%
What state is Marshall from? Minnesota
68%
And what was Barneys job title while he worked there? Please
68%
What company did Ted, Barney and Marshall all work at? Goliath National Bank
67%
Marshalls last name? Eriksen
65%
What is Barneys nickname, which he hates? Swarley
65%
What phrase does Robin always say on her morning show? But um
63%
Robins last name? Scherbatsky
60%
What celebrity played an obsessed receptionist in S3? Britney Spears
58%
And the next song, a ballad? Sandcastles in the Sand
58%
In what borough of that city? Manhattan
57%
Where did Ted and Barney first meet? Urinal
53%
What is the state Ted is known for disliking but Marshall comes to love? New Jersey
52%
What college did Ted, Marshall, and Lily attend together? Wesleyan
50%
What celebrity is as obsessed with finding the perfect burger as Marshall? Regis Phillbin
28%
Barneys last name? Stintson
23%
And what is the embarrassing name of her band? Superfreakanomics
8%
What song did Ted overhear his future wife singing? La Vien Rose
7%
No matching quizzes found
Score Distribution
Percent of People with Each Score
Percentile by Number Answered
Your Score History
You have not taken this quiz